000 00399nam a22001697a 4500
003 MPLRDC
005 20220104113651.0
008 210129b ||||| |||| 00| 0 eng d
020 _a962-257-303-7
082 _a848.3 YS v.104
100 _a亦舒
245 _a七姐妹
_c
260 _a
_b天地图书有限公司
_c1989
300 _b
650 _a现代别集
942 _cBK
_o848.3 YS v.104
999 _c1407
_d1397